Harry Potter - Facile - Statistiques

Statistiques générales
  • Ce quiz a été pris 109 fois
  • Le résultat moyen est 33 sur 54
Statistiques - réponses
% Correct
Harry Potter
100%
Ron Weasley
100%
Serpent
100%
Hermione Granger
99%
Aigle
97%
Salazar Serpentard
95%
Serpentard
95%
Rowena Serdaigle
94%
Serdaigle
94%
Poufsouffle
93%
Severus Rogue
93%
Severus Rogue
93%
Albus Dumbeldore
91%
Godric Gryffondor
90%
Gryffondor
89%
Jaune
89%
Minerva McGonagall
89%
Minerva McGonagall
89%
Rouge
89%
Vert
89%
Bleu
85%
Lion
83%
Helga Poufsouffle
82%
Noir
82%
Or
77%
Nick Quasi-Sans-Tête
74%
Blaireau
72%
Argent
66%
Dolores Ombrage
66%
Rubeus Hagrid
65%
Drago Malefoy
60%
Filius Flitwick
59%
Pomona Chourave
57%
Baron Sanglant
53%
Neville Londubat
51%
Dame Grise
47%
Moine Gras
44%
Bronze
35%
Gregory Goyle
35%
Centaure
34%
Vincent Crabbe
31%
Hippogriffe
28%
Licorne
28%
Elfe de Maison
20%
Phénix
16%
Lily Evans
15%
Fred Weasley
13%
George Weasley
11%
Argus Rusard
8%
James Potter
8%
Dudley Dursley
7%
Petunia Dursley
7%
Vernon Dursley
7%
Garrick Ollivander
2%
Aucun quiz correspondant
Distribution des résultats
% des personnes avec chaque résultat
Percentile par nombre de réponses
Votre historique - résultats
Vous n’avez pas pris ce quiz